| 000 | 00752nam a2200241 i 4500 | ||
|---|---|---|---|
| 001 | 172480 | ||
| 003 | ES-MaACL | ||
| 005 | 20230906214929.0 | ||
| 008 | 090709s1995 fr |||| | fre d | ||
| 020 | _a2-7073-1536-2 | ||
| 080 | _a811.133.1'342.2 | ||
| 080 | _a811.133.1'35 | ||
| 100 | 0 |
_aCerquiglini, Bernard. _937550 |
|
| 245 | 1 | 0 |
_aL'accent du souvenir / _cBernard Cerquiglini. |
| 260 |
_aParis : _bÉditions de Minuit, _c[1995] |
||
| 300 |
_a165 p. ; _c22 cm. |
||
| 490 | 1 | _aParadoxe | |
| 650 | 0 | 4 |
_aLengua francesa- _xPronunciación. _914229 |
| 650 | 4 |
_aLengua francesa- _xOrtografía. _914227 |
|
| 830 | 0 |
_aParadoxe _9223335 |
|
| 852 |
_aES-MaACL _jE-12794 _9R.139406 _z.- Biblioteca Jacinto Martínez Lacalle |
||
| 999 |
_c172480 _d172480 |
||